00678nam a2200169 i 4500001000300000100002900003245014100032260002100173490006300194700001700257830006000274040000800334041000800342080001900350008004100369856009800410bg1 aBACZYŃSKI, Zbigniew F. 0aAnaliza naprężeń w płytach dennych stalowych zbiorników cylindrycznych na podłożu nieciągłym /cZ. Baczyński, M. Janas. aWarszawa,c1979.1 aPrace Instytutu Podstawowych Problemów Techniki PAN ;v71 aJANAS, Marek aPrace Instytutu Podstawowych Problemów Techniki PAN ; cBPK apol a621.6:539.3/.6 s pl f |000 0 pol  uhttp://koha.tu.koszalin.pl/cgi-bin/koha/opac-detail.pl?biblionumber=21312yKatalog online BPK